Informe secreto sobre Stalin (Record no. 87381)

MARC details
000 -LEADER
campo de control de longitud fija 01025nam a2200289 i 4500
001 - NÚMERO DE CONTROL
campo de control 87381
003 - IDENTIFICADOR DE NÚMERO DE CONTROL
campo de control ES-MaACL
005 - FECHA Y HORA DE LA ÚLTIMA TRANSACCIÓN
campo de control 20240222150536.0
007 - CAMPO FIJO DE DESCRIPCIÓN FÍSICA--INFORMACIÓN GENERAL
campo de control de longitud fija t|
008 - DATOS DE LONGITUD FIJA--INFORMACIÓN GENERAL
campo de control de longitud fija 041221s1977 sp ||||1| spa d
020 ## - NÚMERO INTERNACIONAL ESTÁNDAR DEL LIBRO
Número Internacional Estándar del Libro 84-400-3241-2
080 ## - NÚMERO DE LA CLASIFICACIÓN DECIMAL UNIVERSAL
Número de la Clasificación Decimal Universal 32(47)"1925/53"
080 ## - NÚMERO DE LA CLASIFICACIÓN DECIMAL UNIVERSAL
Número de la Clasificación Decimal Universal 32 Stalin, Iosif
080 ## - NÚMERO DE LA CLASIFICACIÓN DECIMAL UNIVERSAL
Número de la Clasificación Decimal Universal 329.15(4)
100 1# - ENTRADA PRINCIPAL--NOMBRE DE PERSONA
Nombre de persona Jrushchiov, Nikita Sergueevich.
9 (RLIN) 67086
245 10 - MENCIÓN DEL TÍTULO
Título Informe secreto sobre Stalin
Resto del título : (al XX Congreso del P.C.U.S.) /
Mención de responsabilidad, etc. [por N. Kruschev ; traductores, Balbino Gutiérrez y Francesco Uinás].
260 ## - PUBLICACIÓN, DISTRIBUCIÓN, ETC.
Lugar de publicación, distribución, etc. Madrid :
Nombre del editor, distribuidor, etc. Taller de Sociología,
Fecha de publicación, distribución, etc. [1977]
300 ## - DESCRIPCIÓN FÍSICA
Extensión 184 p. ;
Dimensiones 17 cm.
505 8# - NOTA DE CONTENIDO CON FORMATO
Nota de contenido con formato Contiene: ;
Título Estudios críticos /
Mención de responsabilidad [por] Giancarlo Pajetta, [et al.](
Información miscelánea p. 97-184)
600 14 - PUNTO DE ACCESO ADICIONAL DE MATERIA--NOMBRE DE PERSONA
Nombre de persona Stalin, Iosif Vissarionovich,
Fechas asociadas al nombre 1879-1953
9 (RLIN) 107862
650 #4 - PUNTO DE ACCESO ADICIONAL DE MATERIA--TÉRMINO DE MATERIA
Término de materia o nombre geográfico como elemento de entrada Partidos comunistas-
Subdivisión geográfica Europa.
9 (RLIN) 156670
651 #4 - PUNTO DE ACCESO ADICIONAL DE MATERIA--NOMBRE GEOGRÁFICO
Nombre geográfico URSS-
Subdivisión general Historia-
Subdivisión cronológica 1925-1953.
9 (RLIN) 9472
700 1# - ENTRADA AGREGADA--NOMBRE PERSONAL
Nombre de persona Pajetta, Giancarlo.
9 (RLIN) 156671
852 ## - LOCALIZACIÓN
Ubicación ES-MaACL
Número de control de estantería A-7285
852 ## - LOCALIZACIÓN
Ubicación ES-MaACL
Número de control de estantería A-8791
Holdings
Estatus retirado Estado de pérdida Estado de daño No para préstamo Biblioteca de origen Biblioteca actual Ubicación en estantería Fecha de adquisición Fuente de adquisición Total de préstamos Signatura topográfica completa Código de barras Visto por última vez Precio de reemplazo Tipo de ítem Koha
        Biblioteca del Ateneo de Madrid Biblioteca del Ateneo de Madrid Depósito 1 17/01/2008     A-8791 1091290 23/02/2023 23/02/2023 Libro impreso
        Biblioteca del Ateneo de Madrid Biblioteca del Ateneo de Madrid Sala Pecera Planta 1 17/01/2008     A-7285 1091289 23/02/2023 23/02/2023 Libro impreso